| 000 | 00919nam a2200241 i 4500 | ||
|---|---|---|---|
| 001 | 184759 | ||
| 003 | ES-MaACL | ||
| 005 | 20231126133841.0 | ||
| 008 | 151130s2015 sp acfo |||| |dspa d | ||
| 020 | _a978-84-937309-1-8 | ||
| 080 | _a94(100)"1939/45":355.40(460) | ||
| 100 | 1 |
_aCervero, José Luis. _937653 |
|
| 245 | 1 | 3 |
_aEl tercer ruido : _b[espionaje en España durante la Segunda Guerra Mundial] / _cJosé Luis Cervero, José Antonio Landera. |
| 260 |
_aMadrid : _bMountainsoft-Caminos y Cumbres, _c[2015] |
||
| 300 |
_a263 p., [56] p. de lám. fot. : _bil. ; _c23 cm. |
||
| 504 | _aReferencias bibliográficas. | ||
| 650 |
_aGuerra mundial, 1939-1945- _xServicios secretos- _zEspaña. _9158262 |
||
| 650 | 4 |
_aEspionaje- _zEspaña. _9173486 |
|
| 700 | 1 |
_aLandera, José Antonio. _9158263 |
|
| 852 |
_aES-MaACL _jA-13633 _9191772 _bR.150997 _cDEPO1 _dOlim: N-6633 |
||
| 942 | _2udc | ||
| 999 |
_c184759 _d184759 |
||